Indian Journal of Finance (Record no. 10252)

MARC details
000 -LEADER
fixed length control field 00498nam a22001217a 4500
003 - CONTROL NUMBER IDENTIFIER
control field OSt
008 - FIXED-LENGTH DATA ELEMENTS--GENERAL INFORMATION
fixed length control field 201214b ||||| |||| 00| 0 eng d
245 ## - TITLE STATEMENT
Title Indian Journal of Finance
250 ## - EDITION STATEMENT
Edition statement 2019(Jan Vol.13 No.1, Feb Vol.13 No.2, Mar Vol.13 No.3, Apr Vol.13 No.4, May Vol.13 No.5, Jun Vol.13 No.6, Jul Vol.13 No.7, Aug Vol.13 No.8, Sep Vol.13 No.9, Oct Vol.13 No.10, Nov Vol.13 No.11)
260 ## - PUBLICATION, DISTRIBUTION, ETC. (IMPRINT)
Place of publication, distribution, etc New Delhi
Name of publisher, distributor, etc Associated Management Consultants Pvt. Ltd.
650 ## - SUBJECT ADDED ENTRY--TOPICAL TERM
Topical term or geographic name as entry element Management
942 ## - ADDED ENTRY ELEMENTS (KOHA)
Source of classification or shelving scheme Dewey Decimal Classification
Koha item type BOUND VOLUME
Holdings
Withdrawn status Lost status Source of classification or shelving scheme Materials specified (bound volume or other part) Damaged status Not for loan Collection code Home library Current library Date acquired Source of acquisition Serial Enumeration / chronologySerial Enumeration / Volume No. Total Checkouts Acc. no. / Barcode Date last seen Bill Date Koha item type
    Dewey Decimal Classification Bound Volume   Not For Loan MBA PIET C-LIBRARY PIET C-LIBRARY 29/12/2020 Associated Management Consultants Pvt. Ltd. 2019(Jan Vol.13 No.1, Feb Vol.13 No.2, Mar Vol.13 No.3, Apr Vol.13 No.4, May Vol.13 No.5, Jun Vol.13 No.6, Jul Vol.13 No.7, Aug Vol.13 No.8, Sep Vol.13 No.9, Oct Vol.13 No.10, Nov Vol.13 No.11)   BV444 29/12/2020 09/01/2019 BOUND VOLUME

Design & Developed by: PIET Central Library
R70 Miles Stone Pattikalyana Samalkha Panipat 132102
mail ID :- [email protected], Phone No:- 0180-2569700 Ex.216